Landscape is...! : (Record no. 14152)

000 -LEADER
fixed length control field 01559cam a22002778i 4500
003 - CONTROL NUMBER IDENTIFIER
control field OSt
005 - DATE AND TIME OF LATEST TRANSACTION
control field 20260326183142.0
008 - FIXED-LENGTH DATA ELEMENTS--GENERAL INFORMATION
fixed length control field 250117s2025 enk b 001 0 eng
020 ## - INTERNATIONAL STANDARD BOOK NUMBER
International Standard Book Number 9780367708214
Qualifying information (paperback)
035 ## - SYSTEM CONTROL NUMBER
System control number 23995731
040 ## - CATALOGING SOURCE
Original cataloging agency DLC
Language of cataloging eng
Description conventions rda
Transcribing agency DLC
Modifying agency DLC
042 ## - AUTHENTICATION CODE
Authentication code pcc
050 00 - LIBRARY OF CONGRESS CALL NUMBER
Classification number SB472
Item number .L3735 2025
082 00 - DEWEY DECIMAL CLASSIFICATION NUMBER
Classification number 712.01
Edition number 23/eng/20250117
245 00 - TITLE STATEMENT
Title Landscape is...! :
Remainder of title essays on the meaning of landscape /
Statement of responsibility, etc edited by Gareth Doherty and Charles Waldheim.
263 ## - PROJECTED PUBLICATION DATE
Projected publication date 2502
300 ## - PHYSICAL DESCRIPTION
Extent pages cm
504 ## - BIBLIOGRAPHY, ETC. NOTE
Bibliography, etc Includes bibliographical references and index.
520 ## - SUMMARY, ETC.
Summary, etc "Landscape Is...! examines the implicit biases and received meanings of landscape. Following on from the previous publication Is Landscape...? which examined the plural and promiscuous identities of the landscape idea, this companion volume reflects upon the diverse and multiple meanings of landscape as a discipline, profession, and medium. Framed as an inquiry into the relationship of landscape to the forms of human subjectivity, the book features contributions from leading voices who challenge the contemporary understandings of the field in relation to capital and class, race and gender, power and politics, and more"--
650 #0 - SUBJECT ADDED ENTRY--TOPICAL TERM
Topical term or geographic name as entry element Landscape architecture
General subdivision Philosophy.
650 #0 - SUBJECT ADDED ENTRY--TOPICAL TERM
Topical term or geographic name as entry element Landscape assessment.
700 1# - ADDED ENTRY--PERSONAL NAME
Personal name Doherty, Gareth,
Relator term editor.
700 1# - ADDED ENTRY--PERSONAL NAME
Personal name Waldheim, Charles,
Relator term editor.
776 08 - ADDITIONAL PHYSICAL FORM ENTRY
Display text Online version:
Title Landscape is...!
Place, publisher, and date of publication Abingdon, Oxon ; New York, NY : Routledge, 2025
International Standard Book Number 9781003148142
Record control number (DLC) 2024036408
942 ## - ADDED ENTRY ELEMENTS (KOHA)
Source of classification or shelving scheme
Holdings
Withdrawn status Lost status Source of classification or shelving scheme Damaged status Koha normalized classification for sorting Not for loan Permanent location Current location Shelving location Date acquired Full call number Barcode Date last seen Price effective from Koha item type
        712_010000000000000   BMS College of Architecture, Design and Planning BMS College of Architecture, Design and Planning General Stacks 2025-12-25 712.01 AR-UG4950 2026-02-10 2026-02-10 B.PLAN
Copyright © 2025, The Librarian, Library and Information Centre, BMSCA D&P, Bengaluru. All Rights Reserved
web counter

Powered by Koha